000 00668nam a2200181 a 4500
008 130403s2008 ||||||||||||||||| || u
020 _a9780618851898
050 _aQA 152.2 LAR
100 _aHostetler, Robert
245 1 0 _aCollege algebra: a graphing approach. (5th ed.)
_cby Ron larson (and others)
250 _a5th ed.
260 _aBoston
_bHoughton Mifflin Company
_c2008
300 _axvii, 641p.: ill.
650 _aALGEBRA--GRAPHIC METHODS--STUDY AND TEACHING
700 _aLarson, Ron
700 _aEdwards, Bruce H
995 _FCBU-MAIN LIBRARY (Kitwe)
_M1
_UAVAILABLE
_WApr 12, 2013
_ZShort Loan Collection
999 _c37688
_d37688